000 00867nam a2200265 a 4500
001 BRL_1486
005 20190320211230.0
008 240114s1989----mx-abo####---#000-0#spa-#
020 _a9683611079
041 _aspa
044 _amx
050 4 _aF1219.3.M4
_b.M37 1989
245 1 0 _aLas máscaras de la cueva de Santa Ana Teloxtoc
_cErnesto Vargas (ed.)
260 _aMéxico
_bUNAM
_c1989
300 _a207 p.
_bil., fotografías (blanco y negro)
_c22 cm.
440 0 _aArqueologia
_pSeríe antropología
_v105
_927069
500 _aAu1751
500 _aIncluye dedicatoria a Ruth Lechuga
504 _aBibliografía: p. 193-207
650 1 4 _aIndígenas de México
_xMáscaras
_zSanta Ana Teloxtoc (Puebla)
_927070
651 4 _aSanta Ana Teloxtoc (Puebla)
_xAntigüedades
_927071
700 1 _aVargas, Ernesto
_eed.
_927072
902 _aGRL
942 _2lcc
_cB
999 _c10296
_d10296